Biggest Cities that end in I with a Map - Statistics

General Stats
  • This quiz has been taken 280 times
  • The average score is 17 of 30
Answers on the Map
Answers color-coded by a green-red scale on the quiz's map according to % correct below.
 
Answer Stats
Population City % Correct
31.3m Delhi
99%
6.35m Miami
97%
34.1m Shanghai
97%
25.6m Mumbai
95%
5.70m Dubai
94%
18.2m Karachi
92%
1.58m Abu Dhabi
91%
6.10m Nairobi
91%
4.03m Hanoi
89%
9.15m Taipei
88%
11.6m Chennai
85%
2.90m Cali
76%
4.18m Ürümqi
74%
2.80m Cincinnati
73%
2.45m Lubumbashi
59%
3.55m Rawalpindi
52%
3.08m Kumasi
49%
1.50m Sendai
45%
5.10m Hefei
40%
2.18m Mbuji-Mayi
38%
1.97m Varanasi
29%
2.98m Bhilai
28%
1.61m Kochi
25%
1.82m Madurai
22%
2.03m Cixi
19%
2.25m Yantai
18%
2.13m Linyi
17%
1.80m Zhuhai
14%
1.57m Huaibei
8%
1.58m Xingtai
7%
No matching quizzes found
Score Distribution
Percent of People with Each Score
Percentile by Number Answered
Your Score History
You have not taken this quiz